1390 1946 1376 1452 1272 1703 1558 1844 1662 1386 1527 1333 1437 1691 1776 1125 1599 1730 1669 1631 1502 1131 1646 1650 1234 1197 1276 1021 1909 1664 1959 1850 1859 1531 1763 1469 1496 1324 1575 1450 1009 1570 1177 1000 1303 1770 1452 1818 1198 1839 1511 1225 1907 1148 1523 1290 1245 1820 1450 1508 1483 1013 1897 1245 1180 1055 1390 1698 1830 1778 1444 1887 1927 1112 1525 1129 1898 1942 1975 1889 1270 1846 1225 1957 1389 1408 1803 1524 2000 1106 1256 1532 1379 1947 1661 1508 1780 1591 1897 BCNSPRNW ULIB Ver.6.0+V

เปลี่ยนเป็นภาษาไทย

Change to English
 แสดงรายละเอียดบรรณานุกรม
  กลับหน้าหลัก

Brief Record : Get Marc (ISO 2709) : E-mail record : QR code < ปิดหน้าต่าง
LEADER : 00000nam 2200000uu 4500
001    13399108797
003     ULIB
008    110315s2545||||th 000 0 tha d
060  4 W76^bพ361ค 2545
110 1  กระทรวงสาธารณสุข^bสถาบันพระบรมราชชนก
245 00 การประชุมวิชาการพัฒนากำลังคนด้านสุขภาพประจำปี2545 "การปฏิรูปการศึกษาวิทยาศาสตร์สุขภาพ:หลักสูตรและการเรียนรู้":ปัญหาเป็นฐาน/^cสาลิกา เมธนาวินและคณะ,บรรณาธิการ
260    นนทบุรี:^bสถาบันพระบรมราชชนก,^c2545
300    69 หน้า
650  7 การพัฒนากำลังคนด้านสุขภาพ^xการประชุม
700 0  สาลิกา เมธนาวินและคณะ,บรรณาธิการ
945    ^p0^l0^i016061
995    ทศพร
999 ^a ใช้งานได้ทุกระบบ
รายการนี้ยังไม่มีแท็ก
คุณยังไม่ได้ล็อกอิน คุณสามารถมีกิจกรรมร่วมกับเว็บไซต์ได้ แต่ต้องล็อกอินก่อน ::
  ล็อกอิน

รายการสื่อสารสนเทศ

ลำดับที่ ประเภท เลขเรียก/บาร์โค้ด สถานที่ สถานะ
- ไม่พบข้อมูล -

BibComment


ยังไม่เคยถูกคอมเมนท์

คอมเมนท์ทรัพยากรรายการนี้
  คอมเมนท์: การประชุมวิชาการพ..


 Copyright 2026. Bcnsprnw @Library